Sa baybayon nin sisiran (Record no. 25632)
[ view plain ]
| 000 -LEADER | |
|---|---|
| fixed length control field | 00763nam a22002177a 4500 |
| 005 - DATE AND TIME OF LATEST TRANSACTION | |
| control field | 20230624161517.0 |
| 008 - FIXED-LENGTH DATA ELEMENTS--GENERAL INFORMATION | |
| fixed length control field | 180601t xxu||||| |||| 00| 0 eng d |
| 040 ## - CATALOGING SOURCE | |
| Transcribing agency | CSPC |
| 082 0# - DEWEY DECIMAL CLASSIFICATION NUMBER | |
| Classification number | 899.2151 |
| Item number | M314s |
| 100 ## - MAIN ENTRY--PERSONAL NAME | |
| Personal name | Manlagįt, Gualberto Cea |
| Relator term | author. |
| 245 00 - TITLE STATEMENT | |
| Title | Sa baybayon nin sisiran |
| Remainder of title | 100 na berso asin awit/ |
| Statement of responsibility, etc. | Gualberto Cea Manlagįt |
| 260 ## - PUBLICATION, DISTRIBUTION, ETC. | |
| Place of publication, distribution, etc. | N/A |
| Name of publisher, distributor, etc. | N/A |
| Date of publication, distribution, etc. | 2011 |
| 300 ## - PHYSICAL DESCRIPTION | |
| Extent | 160 pages: |
| Other physical details | 22 cm. |
| 546 ## - LANGUAGE NOTE | |
| Language note | Bikol |
| 650 10 - SUBJECT ADDED ENTRY--TOPICAL TERM | |
| Topical term or geographic name entry element | Bikol poetry |
| General subdivision | Collected works. |
| 650 10 - SUBJECT ADDED ENTRY--TOPICAL TERM | |
| Topical term or geographic name entry element | Philippine poetry (Bikol). |
| 940 ## - EQUIVALENCE OR CROSS-REFERENCE--UNIFORM TITLE [OBSOLETE] [CAN/MARC only] | |
| Uniform title | <a href="Lenie">Lenie</a> |
| 942 ## - ADDED ENTRY ELEMENTS (KOHA) | |
| Koha item type | |
| -- | BKL 899.2151 M314s 2011 |
| Withdrawn status | Lost status | Damaged status | Not for loan | Home library | Current library | Shelving location | Date acquired | Total Checkouts | Full call number | Barcode | Date last seen | Copy number | Price effective from | Koha item type |
|---|---|---|---|---|---|---|---|---|---|---|---|---|---|---|
| Main Library | Main Library | 06/24/2023 | BKL 899.2151 M314s 2011 | 009981 | 06/24/2023 | 1-11 | 06/24/2023 | Books | ||||||
| Main Library | Main Library | 06/24/2023 | BKL 899.2151 M314s 2011 | 009982 | 06/24/2023 | 2-11 | 06/24/2023 | Books | ||||||
| Main Library | Main Library | 06/24/2023 | BKL 899.2151 M314s 2011 | 009983 | 06/24/2023 | 3-11 | 06/24/2023 | Books | ||||||
| Main Library | Main Library | 06/24/2023 | BKL 899.2151 M314s 2011 | 009984 | 06/24/2023 | 4-11 | 06/24/2023 | Books | ||||||
| Main Library | Main Library | 06/24/2023 | BKL 899.2151 M314s 2011 | 009985 | 06/24/2023 | 5-11 | 06/24/2023 | Books | ||||||
| Main Library | Main Library | 06/24/2023 | BKL 899.2151 M314s 2011 | 009986 | 06/24/2023 | 6-11 | 06/24/2023 | Books | ||||||
| Main Library | Main Library | 06/24/2023 | BKL 899.2151 M314s 2011 | 009987 | 06/24/2023 | 7-11 | 06/24/2023 | Books | ||||||
| Main Library | Main Library | 06/24/2023 | BKL 899.2151 M314s 2011 | 009988 | 06/24/2023 | 8-11 | 06/24/2023 | Books | ||||||
| Main Library | Main Library | 06/24/2023 | BKL 899.2151 M314s 2011 | 009989 | 06/24/2023 | 9-11 | 06/24/2023 | Books | ||||||
| Main Library | Main Library | 06/24/2023 | BKL 899.2151 M314s 2011 | 009990 | 06/24/2023 | 10-11 | 06/24/2023 | Books | ||||||
| Main Library | Main Library | 06/24/2023 | BKL 899.2151 M314s 2011 | 012415 | 06/24/2023 | 11-11 | 06/24/2023 | Books |